<The> Political economy of the United States - Japan trade in steel

Gespeichert in:
Bibliographische Detailangaben
1. Verfasser: Patrick, Hugh
Weitere Verfasser: Sato, Hideo
Format: Buch
Sprache:Englisch
Veröffentlicht: New Haven Yale University 1983
Schriftenreihe:Center Paper no. 333
Tags: Tag hinzufügen
Keine Tags, Fügen Sie das erste Tag hinzu!

MARC

LEADER 00000nam a2200000 4500
001 c135163
005 20181203150505.6
041 0 |a eng 
044 |a US 
245 1 0 |a <The> Political economy of the United States - Japan trade in steel  |c Hugh Patrick, Hideo Sato 
264 1 |a New Haven  |b Yale University  |c 1983 
300 |a S. 197-238 
490 1 |a Center Paper  |v no. 333 
830 0 |a Center Paper  |v no. 333 
100 1 |a Patrick, Hugh 
700 1 |a Sato, Hideo